Tribhuvan University Central Library

Computer organization and design (Record no. 112433)

MARC details
000 -LEADER
fixed length control field 00487nam a22001697a 4500
008 - FIXED-LENGTH DATA ELEMENTS--GENERAL INFORMATION
fixed length control field 240313b |||||||| |||| 00| 0 eng d
020 ## - INTERNATIONAL STANDARD BOOK NUMBER
International Standard Book Number 8120312546
082 ## - DEWEY DECIMAL CLASSIFICATION NUMBER
Classification number 621.39/C396c
100 ## - MAIN ENTRY--PERSONAL NAME
Personal name Chaudhari, P. Pal.
245 ## - TITLE STATEMENT
Title Computer organization and design
Statement of responsibility, etc. /P. Pal Chaudhari.
250 ## - EDITION STATEMENT
Edition statement 2nd ed.
260 ## - PUBLICATION, DISTRIBUTION, ETC.
Place of publication, distribution, etc. New Delhi:
Name of publisher, distributor, etc. Prentice Hall of India,
Date of publication, distribution, etc. 2004.
300 ## - PHYSICAL DESCRIPTION
Other physical details xiii,959p. ; ill
504 ## - BIBLIOGRAPHY, ETC. NOTE
Bibliography, etc. note Bibliography:p.931-947
650 ## - SUBJECT ADDED ENTRY--TOPICAL TERM
Topical term or geographic name entry element Computer engineering
942 ## - ADDED ENTRY ELEMENTS (KOHA)
Source of classification or shelving scheme Dewey Decimal Classification
Koha item type General Collections
Holdings
Withdrawn status Lost status Source of classification or shelving scheme Damaged status Not for loan Home library Current library Shelving location Date acquired Total Checkouts Full call number Barcode Date last seen Price effective from Koha item type
    Dewey Decimal Classification     Tribhuvan University Central Library Tribhuvan University Central Library New Building 03/13/2024   621.39/C396c G93010 03/13/2024 03/13/2024 General Collections